Central Library OPAC University of Rajshahi

Laboratory exercises in general chemistry / (Record no. 6620)

MARC details
000 -LEADER
fixed length control field 00797nam a2200229 a 4500
001 - CONTROL NUMBER
control field 6620
003 - CONTROL NUMBER IDENTIFIER
rucl marc code BD-RjUL
005 - DATE AND TIME OF LATEST TRANSACTION
control field 20211208234300.0
008 - FIXED-LENGTH DATA ELEMENTS--GENERAL INFORMATION
fixed length control field 161006s1964 ru 000 0 eng
035 ## - SYSTEM CONTROL NUMBER
System control number OCLC ocm00024762 from D971021M
-- (BD-RjUL)6661
040 ## - CATALOGING SOURCE
Original cataloging agency DLC
Transcribing agency DLC
Modifying agency EQO
-- BD-RjUL
Language of cataloging eng
041 1# - LANGUAGE CODE
Language code of text/sound track or separate title engrus
082 00 - DEWEY DECIMAL CLASSIFICATION NUMBER
Classification number 546
Edition number 18
Author mark and year SEL 1964
100 1# - MAIN ENTRY--PERSONAL NAME
Personal name Semishin, V.
Fuller form of name (Vasiliĭ Ivanovich)
9 (RLIN) 20820
245 10 - TITLE STATEMENT
Title Laboratory exercises in general chemistry /
Statement of responsibility, etc. [by] V. Semishin. Translated from the Russian by Boris Belitsky.
260 ## - PUBLICATION, DISTRIBUTION, ETC. (IMPRINT)
Place of publication, distribution, etc. Moscow :
Name of publisher, distributor, etc. Peace Publishers,
Date of publication, distribution, etc. c1964.
300 ## - PHYSICAL DESCRIPTION
Pagination 343 p. :
Illustrations ill. ;
Size 22 cm.
500 ## - GENERAL NOTE
General note Translation of: Praktikum po obshcheĭ khimii.
650 #0 - SUBJECT ADDED ENTRY--TOPICAL TERM
Topical term or geographic name as entry element Chemistry, Inorganic
Form subdivision Laboratory manuals.
9 (RLIN) 20821
942 ## - ADDED ENTRY ELEMENTS (KOHA)
Source of classification or shelving scheme Dewey Decimal Classification
Koha item type Books
Holdings
Lost status Source of classification or shelving scheme Damaged status Not for loan Collection code Permanent Location Current Location Shelving location Date acquired Source of acquisition Cost, normal purchase price Total Checkouts Full call number Date last seen Copy number Koha item type
  Dewey Decimal Classification     Non-fiction Central Library, University of Rajshahi Central Library, University of Rajshahi   23/05/1967 Raika Agen. 6.00   546 SEL 1964 11/01/2014 C-2 Books
  Dewey Decimal Classification     Non-fiction Central Library, University of Rajshahi Central Library, University of Rajshahi   03/03/1967 Shikkhabarta, Dhaka 6.00   546 SEL 1964 06/10/2016 C-3 Books
  Dewey Decimal Classification   Not For Loan Non-fiction Central Library, University of Rajshahi Central Library, University of Rajshahi Reading Room 03/03/1967 Shikkhabarta, Dhaka 6.00   546 SEL 1964 11/05/2017 C-1 Books
  Dewey Decimal Classification     Non-fiction Central Library, University of Rajshahi Central Library, University of Rajshahi   02/03/1967 Shipla niketan 1.55   546 SEL 1964 17/05/2017 C-4 Books